000 00855cab a22002415a 4500
001 L152755
008 110419e20110326xxk 000 0 eng d
035 _a(Sirsi) u152755
041 0 _aeng
100 1 _aCunningham, Daniel
245 0 0 _aFocus
_bManchester
260 _c2011
490 _aEstates Gazette
_v(1112) 26 March 2011, 77-103(22)
520 _aIncludes information on office schemes in Manchester which are struggling to be commercially viable and an analysis of the public sector. Also concentrates on the city's media sector where the BBC and ITV are both both moving to Salford Quays.
590 _aKA
651 4 _aManchester
690 _aPROPERTY-COMMERCIAL PROPERTY-COMMERCIAL PROPERTY MARKET
700 1 _aThame, David
700 1 _aRoxburgh, Helen
700 1 _aQuinn, David
700 1 _aMeadwell, Stacey
942 _n0
999 _c83077
_d83077